| 000 | 00478 a2200169 4500 | ||
|---|---|---|---|
| 003 | OSt | ||
| 005 | 20240208125548.0 | ||
| 008 | 240208b |||||||| |||| 00| 0 eng d | ||
| 040 | _coclc | ||
| 082 |
_a894.8124 _bMAN/H |
||
| 100 |
_a Mangad, Abdurahman _92037 |
||
| 245 |
_aHaleema Beevi / _cAbdurahman Mangad |
||
| 250 | _a1st ed. | ||
| 260 |
_aCalicut: _bYuvatha Books, _c2023. |
||
| 300 | _a96p. | ||
| 942 |
_2ddc _cBK _h894.8124 _iMAN/H _k894.8124 _mMAN/H |
||
| 999 |
_c44401 _d44401 |
||